000
00290nam a2200121Ia 4500
005
20260328101509.0
008
260328s9999||||xx |||||||||||||| ||und||
100
_a
Alazard, Jean
245
0
_a
Le Corbusier /
_c
Jean Alazard
260
_b
Astra-Arengarium
650
_a
ARQUITECTOS
942
_c
BK
999
_c
9119
_d
9119